Interaktívne animácie bipolárneho tranzistora
Gespeichert in:
| 1. Verfasser: | |
|---|---|
| Weitere Verfasser: | |
| Format: | Manuskript Buch |
| Sprache: | Slowakisch |
| Veröffentlicht: |
Bratislava :
STU v Bratislave FEI,
2022
|
| Schlagworte: | |
| Online-Zugang: | https://opac.crzp.sk/?fn=detailBiblioFormChildOOA9F&sid=378281AEB05FBF717632CDA6EBFA&seo=CRZP-detail-kniha |
| Tags: |
Keine Tags, Fügen Sie das erste Tag hinzu!
|
MARC
| LEADER | 00000ntm a22000003a 4500 | ||
|---|---|---|---|
| 001 | stuzp86435 | ||
| 003 | SK-STU | ||
| 005 | 20230322112210.3 | ||
| 007 | ta | ||
| 008 | 150427s2015----xo-----f-mn---000-0-slo-d | ||
| 040 | |a STU |b slo | ||
| 041 | 0 | |a slo | |
| 044 | |a xo | ||
| 100 | 1 | |a Bireš, Ivona |u 033000 |4 aut |U FEI Fakulta elektrotechniky a informatiky |T FEI Ústav elektroniky a fotoniky |X 105239 |U E030 |Y 549 |7 105239 | |
| 242 | 0 | 1 | |a Interactive animations of a bipolar transistor |y eng |
| 245 | 1 | 0 | |a Interaktívne animácie bipolárneho tranzistora |
| 260 | |a Bratislava : |b STU v Bratislave FEI, |c 2022 | ||
| 300 | |a 44 s., príl. | ||
| 650 | 4 | |a Webové technológie |2 slo | |
| 650 | 4 | |a Bipolárny tranzistor |2 slo | |
| 650 | 4 | |a Interaktívne animácie |2 slo | |
| 650 | 4 | |a HTML |2 slo | |
| 650 | 4 | |a CSS |2 slo | |
| 650 | 4 | |a JavaScript |2 slo | |
| 650 | 4 | |a Web technologies |2 eng | |
| 650 | 4 | |a Bipolar junction transistor |2 eng | |
| 650 | 4 | |a Interactive animations |2 eng | |
| 650 | 4 | |a CSS |2 eng | |
| 650 | 4 | |a JavaScript |2 eng | |
| 650 | 4 | |a HTML |2 eng | |
| 700 | 1 | |a Stuchlíková, Ľubica |u 033000 |k Z1 |4 ths |U FEI Fakulta elektrotechniky a informatiky |T FEI Ústav elektroniky a fotoniky |X 1997 |U E030 |Y 549 |7 A000001997 | |
| 856 | 4 | |u https://opac.crzp.sk/?fn=detailBiblioFormChildOOA9F&sid=378281AEB05FBF717632CDA6EBFA&seo=CRZP-detail-kniha | |